Rhymes with 'Sound' Quiz Stats

 Plays Quiz Updated Jul 19, 2017

Support Sporcle.
Go Orange.
Score 0/15 Timer 02:00
1 Play Today
% Correct
bound
94%
found
93.4%
pound
91.8%
round
91.7%
mound
91.1%
hound
90.9%
wound
79.2%
ground
78.3%
% Correct
crowned
71.3%
drowned/drownd
68.7%
downed
65.8%
frowned
65.7%
browned
64.4%
clowned
61%
gowned
50.2%

From the Vault

Paul Newman Movies

by Derek

Movies 10m
Whether in his movies or in his philanthropic ventures, Paul Newman (1925-2008) was the man, and will be missed.
Remove Ads.
Support Sporcle.
Get the best of Sporcle when you Go Orange. This ad-free experience offers more features, more stats, and more fun while also helping to support Sporcle. Thank you for becoming a member.

Show Comments

Extras

Top Quizzes Today


Score Distribution

Your Account Isn't Verified!

In order to create a playlist on Sporcle, you need to verify the email address you used during registration. Go to your Sporcle Settings to finish the process.

Report this User

Report this user for behavior that violates our Community Guidelines.

Details: